| 000 | 00565nam a2200205Ia 4500 | ||
|---|---|---|---|
| 005 | 20250701164521.0 | ||
| 008 | 008 250505s9999 xx 000 0 eng d | ||
| 037 | _aTextual | ||
| 040 |
_aEASL _beng _cEASL |
||
| 041 |
_aeng _2eng |
||
| 084 |
_aV41:1973.N28, K8 _qEASL |
||
| 100 | _aBorg Dorothy | ||
| 245 | 0 | _aAmerican policy and the Chinese revolution 1925-1928 | |
| 260 |
_aUSA _bNew York Octagon Books _c1968 |
||
| 300 | _a440p. | ||
| 365 | _b9.5 | ||
| 650 | _aCEL | ||
| 942 |
_cTEXL _hV41:1973.N28, K8 |
||
| 999 |
_c1433339 _d1433339 |
||